The Quirino way collection of speeches and addresses
Đã lưu trong:
| 主要作者: | |
|---|---|
| 格式: | 圖書 |
| 語言: | Undetermined |
| 出版: |
n. p.,
1955
|
| 主題: | |
| 標簽: |
添加標簽
沒有標簽, 成為第一個標記此記錄!
|
| Thư viện lưu trữ: | Trung tâm Học liệu Trường Đại học Cần Thơ |
|---|
| LEADER | 00521nam a2200193Ia 4500 | ||
|---|---|---|---|
| 001 | CTU_90518 | ||
| 008 | 210402s9999 xx 000 0 und d | ||
| 082 | |a 320.9599 | ||
| 082 | |b Q8 | ||
| 100 | |a Elpidio Quirino | ||
| 245 | 4 | |a The Quirino way | |
| 245 | 0 | |b collection of speeches and addresses | |
| 245 | 0 | |c Introd. by Juan Collás. | |
| 260 | |a n. p., | ||
| 260 | |c 1955 | ||
| 650 | |a philippines | ||
| 650 | |x politics and government | ||
| 904 | |i Năm | ||
| 980 | |a Trung tâm Học liệu Trường Đại học Cần Thơ | ||